[Event "Steyr Landesliga 1617"]
[Site "Austria"]
[Date "2017.04.01"]
[Round "9.6"]
[White "Polansek, Justin"]
[Black "Stolterfoht, Daniel"]
[Result "1/2-1/2"]
[WhiteElo "2041"]
[BlackElo "2057"]
[PlyCount "20"]
[EventDate "2016.10.01"]
[EventType "team-tourn"]
[EventRounds "11"]
[EventCountry "AUT"]
[SourceTitle "EXT 2018"]
[Source "ChessBase"]
[SourceDate "2017.10.13"]
[SourceVersion "1"]
[SourceVersionDate "2017.10.13"]
[SourceQuality "1"]
[WhiteTeam "Leibnitz"]
[BlackTeam "Styria"]
[WhiteTeamCountry "AUT"]
[BlackTeamCountry "AUT"]

1. e4 c5 2. c4 e5 3. Nc3 Nc6 4. g3 Nf6 5. Bg2 Be7 6. Nge2 0-0 7. 0-0 Re8 8. d3 a6 9. h3 Rb8 10. Be3 b5 1/2-1/2

[Event "Steyr Landesliga 1415"]
[Site "Austria"]
[Date "2014.10.11"]
[Round "2.7"]
[White "Kainz, Josef"]
[Black "Stolterfoht, Daniel"]
[Result "1/2-1/2"]
[WhiteElo "1933"]
[BlackElo "2078"]
[PlyCount "80"]
[EventDate "2014.09.27"]
[EventType "team-tourn"]
[EventRounds "11"]
[EventCountry "AUT"]
[SourceTitle "EXT 2016"]
[Source "ChessBase"]
[SourceDate "2015.10.08"]
[SourceVersion "1"]
[SourceVersionDate "2015.10.08"]
[SourceQuality "1"]
[WhiteTeam "Graz Austria"]
[BlackTeam "Graz Styria"]
[WhiteTeamCountry "AUT"]
[BlackTeamCountry "AUT"]

1. d4 d5 2. Nf3 Nf6 3. c4 e6 4. Nc3 Be7 5. Bg5 Nbd7 6. e3 0-0 7. Bd3 h6 8. Bh4 b6 9. cxd5 Nxd5 10. Bxe7 Qxe7 11. Nxd5 exd5 12. Rc1 c5 13. b3 Bb7 14. 0-0 Rac8 15. Re1 Rc7 16. dxc5 bxc5 17. Nd4 Ne5 18. Nf5 Qf6 19. Bb1 Rd8 20. Qc2 g6 21. f4 Ng4 22. h3 gxf5 23. hxg4 fxg4 24. g3 Re8 25. Qf5 Qxf5 26. Bxf5 Bc8 27. Bxc8 Rcxc8 28. Kf2 Kg7 29. Red1 Red8 30. Rd2 Rd6 31. Rcd1 Rcd8 32. e4 d4 33. Rc1 Rc8 34. Ke2 f6 35. Kd3 Re6 36. Rdc2 Rce8 37. Re1 Rc8 38. Rec1 Rce8 39. Re1 Rc8 40. Rec1 Rce8 1/2-1/2

[Event "Steyr Landesliga 1213"]
[Site "Austria"]
[Date "2013.05.04"]
[Round "11.5"]
[White "Teuschler, Alois"]
[Black "Stolterfoht, Daniel"]
[Result "1-0"]
[WhiteElo "2048"]
[BlackElo "2097"]
[PlyCount "139"]
[EventDate "2012.09.22"]
[EventType "team-tourn"]
[EventRounds "11"]
[EventCountry "AUT"]
[SourceTitle "EXT 2014"]
[Source "ChessBase"]
[SourceDate "2013.11.20"]
[SourceVersion "1"]
[SourceVersionDate "2013.11.20"]
[SourceQuality "1"]
[WhiteTeam "Graz Strassenbahn"]
[BlackTeam "Graz Styria"]
[WhiteTeamCountry "AUT"]
[BlackTeamCountry "AUT"]

1. e4 c5 2. Nf3 d6 3. d4 cxd4 4. Nxd4 Nf6 5. Nc3 a6 6. h3 e5 7. Nf3 Be7 8. Be3 Nc6 9. Bc4 b5 10. Bb3 0-0 11. Nd5 Nxd5 12. Bxd5 Bd7 13. 0-0 Rc8 14. c3 Kh8 15. Qe2 f5 16. Rfd1 f4 17. Bc1 Qe8 18. Nh2 Qg6 19. Rd3 Bd8 20. Qf3 Bb6 21. Nf1 Ne7 22. Nd2 Nxd5 23. Rxd5 Rfd8 24. Kf1 Be6 25. Rd3 Bc4 26. Nxc4 Rxc4 27. b3 Rxe4 28. Bb2 Re3 29. Rxe3 fxe3 30. fxe3 Qd3+ 31. Ke1 h6 32. Rd1 Qc2 33. Qe2 Qe4 34. Rd3 Rf8 35. Ba3 Qh4+ 36. Kd1 Rf2 37. Qe1 Qg3 38. Bxd6 Qxg2 39. Rd2 Rxd2+ 40. Qxd2 Qf3+ 41. Qe2 Qh1+ 42. Kd2 e4 43. Qg4 Qf3 44. Qxf3 exf3 45. c4 Kg8 46. c5 Ba5+ 47. Kd3 Kf7 48. Bg3 Ke6 49. e4 Kd7 50. a3 b4 51. axb4 Bxb4 52. Kc4 Bd2 53. Bf2 Bf4 54. Kd5 g5 55. e5 h5 56. c6+ Ke7 57. Bc5+ Ke8 58. Ke6 Kd8 59. Bb6+ Kc8 60. Kf5 Bg3 61. e6 Bd6 62. Kxg5 Be7+ 63. Kxh5 Bd8 64. Bf2 Kc7 65. Kg6 Kxc6 66. Kf7 Kd6 67. h4 a5 68. h5 Bg5 69. Bg3+ Kc5 70. h6 1-0

[Event "Steyr Landesliga 1112"]
[Site "Austria"]
[Date "2011.11.26"]
[Round "6.3"]
[White "Stolterfoht, Daniel"]
[Black "Spindelboeck, Gernot"]
[Result "0-1"]
[WhiteElo "2115"]
[BlackElo "2235"]
[PlyCount "66"]
[EventDate "2011.09.24"]
[EventType "team-tourn"]
[EventRounds "11"]
[EventCountry "AUT"]
[SourceTitle "EXT 2013"]
[Source "ChessBase"]
[SourceDate "2012.11.22"]
[SourceVersion "1"]
[SourceVersionDate "2012.11.22"]
[SourceQuality "1"]
[WhiteTeam "Graz Styria"]
[BlackTeam "Graz Austria"]
[WhiteTeamCountry "AUT"]
[BlackTeamCountry "AUT"]

1. e4 e6 2. d4 d5 3. Nd2 Nf6 4. e5 Nfd7 5. Bd3 c5 6. c3 Nc6 7. Ne2 cxd4 8. cxd4 Qb6 9. Nf3 f6 10. exf6 Nxf6 11. 0-0 Bd6 12. a3 0-0 13. b4 e5 14. dxe5 Nxe5 15. Nfd4 Kh8 16. h3 Bd7 17. Be3 Qd8 18. Bf5 Nc4 19. Be6 Ne4 20. Qd3 Qe7 21. Bxd7 Qxd7 22. f3 Nxe3 23. Qxe3 Nf6 24. Ne6 Rfe8 25. N2d4 Bc7 26. Rad1 Bb6 27. Rfe1 Rac8 28. f4 Ne4 29. f5 Rc3 30. Rd3 Rec8 31. Red1 Qe7 32. Kh2 Qh4 33. Nf4 Bxd4 0-1

[Event "Oberwart op"]
[Site "Oberwart"]
[Date "2011.07.12"]
[Round "4"]
[White "Antal, Tibor Kende"]
[Black "Stolterfoht, Daniel"]
[Result "1-0"]
[WhiteElo "2256"]
[BlackElo "2118"]
[PlyCount "109"]
[EventDate "2011.07.09"]
[EventType "swiss"]
[EventRounds "9"]
[EventCountry "AUT"]
[SourceTitle "CBM 143 Extra"]
[Source "ChessBase"]
[SourceDate "2011.08.29"]
[SourceVersion "1"]
[SourceVersionDate "2011.08.29"]
[SourceQuality "1"]

1. e4 c5 2. Nf3 d6 3. d4 cxd4 4. Nxd4 Nf6 5. Nc3 a6 6. Bg5 e6 7. f4 Be7 8. Qf3 Qc7 9. 0-0-0 Nbd7 10. g4 0-0 11. Bh4 b5 12. g5 Ne8 13. a3 Bb7 14. Bg2 Rc8 15. Rhf1 d5 16. exd5 Nb6 17. Qd3 Bxa3 18. bxa3 Qxc3 19. Qxc3 Rxc3 20. Be1 Rxa3 21. Bb4 Ra1+ 22. Kb2 Rxd1 23. Rxd1 Nd6 24. Kc1 Nbc4 25. Bf1 Re8 26. dxe6 fxe6 27. Bxc4 Nxc4 28. Nxe6 Bf3 29. Rd7 Bg4 30. Rxg7+ Kh8 31. Be7 Bf5 32. Bf6 Rxe6 33. Rg6+ Rxf6 34. Rxf6 Be4 35. Rxa6 Kg7 36. h4 Kf7 37. h5 Ne3 38. c3 Nd5 39. Kd2 Ke7 40. Ra5 Ke6 41. Rxb5 Nxf4 42. Ke3 Nd5+ 43. Kd4 Bf3 44. c4 Ne7 45. Rb6+ Kf5 46. Rf6+ Kg4 47. g6 hxg6 48. h6 Kg5 49. Rxf3 Kxh6 50. Rf7 Nc6+ 51. Kd5 Nb4+ 52. Kc5 Nd3+ 53. Kd4 Nb4 54. Rb7 Nc6+ 55. Kd5 1-0

[Event "Oberwart op"]
[Site "Oberwart"]
[Date "2011.07.11"]
[Round "3"]
[White "Stolterfoht, Daniel"]
[Black "Markus, Robert"]
[Result "1-0"]
[WhiteElo "2118"]
[BlackElo "2652"]
[PlyCount "58"]
[EventDate "2011.07.09"]
[EventType "swiss"]
[EventRounds "9"]
[EventCountry "AUT"]
[SourceTitle "CBM 143 Extra"]
[Source "ChessBase"]
[SourceDate "2011.08.29"]
[SourceVersion "1"]
[SourceVersionDate "2011.08.29"]
[SourceQuality "1"]

1. e4 c5 2. Nf3 e6 3. d4 cxd4 4. Nxd4 a6 5. Bd3 Nf6 6. 0-0 d6 7. c4 b6 8. Nc3 Bb7 9. b3 Be7 10. Bb2 0-0 11. f4 Qc7 12. f5 e5 13. Nc2 Nbd7 14. Ne3 b5 15. cxb5 axb5 16. Bxb5 Nxe4 17. Nxe4 Bxe4 18. Bxd7 Qa7 19. Qd2 Bg5 20. Rae1 Qxd7 21. Bxe5 Bxg2 22. Qxg2 Bxe3+ 23. Rxe3 dxe5 24. f6 g6 25. Qg5 Kh8 26. a4 Rab8 27. Re4 Qa7+ 28. Rf2 Qd7 29. Qh6 Ra8 1-0

[Event "Graz-ch"]
[Site "Graz"]
[Date "2010.01.22"]
[Round "7"]
[White "Schreiner, Peter"]
[Black "Stolterfoht, Daniel"]
[Result "1-0"]
[WhiteElo "2225"]
[BlackElo "2083"]
[PlyCount "71"]
[EventDate "2010.01.08"]
[EventType "swiss"]
[EventRounds "7"]
[EventCountry "AUT"]
[SourceTitle "CBM 134 Extra"]
[Source "ChessBase"]
[SourceDate "2010.03.03"]
[SourceVersion "1"]
[SourceVersionDate "2010.03.03"]
[SourceQuality "1"]

1. e4 c5 2. Nf3 d6 3. d4 cxd4 4. Nxd4 Nf6 5. Nc3 a6 6. Be3 e5 7. Nb3 Be6 8. f3 Be7 9. Qd2 Nbd7 10. g4 b5 11. g5 b4 12. Ne2 Nh5 13. Ng3 Nxg3 14. hxg3 a5 15. f4 Qc7 16. f5 Bc4 17. g6 Nf6 18. gxf7+ Bxf7 19. Bb5+ Kf8 20. Bd3 Qc6 21. Rh4 h6 22. Qe2 Bd8 23. Nd2 Nd7 24. Rh2 Nc5 25. Bb5 Qc7 26. Bc4 Be8 27. g4 Qb7 28. Bxc5 dxc5 29. Nf3 Qe7 30. 0-0-0 Bc7 31. g5 Bf7 32. Rdh1 Rd8 33. gxh6 gxh6 34. Rxh6 Rxh6 35. Rxh6 Kg7 36. f6+ 1-0

[Event "Graz op-A 16th"]
[Site "Graz"]
[Date "2009.09.04"]
[Round "7"]
[White "Stolterfoht, Daniel"]
[Black "Hess, Christian"]
[Result "1/2-1/2"]
[WhiteElo "2009"]
[BlackElo "2257"]
[PlyCount "35"]
[EventDate "2009.08.29"]
[EventType "swiss"]
[EventRounds "9"]
[EventCountry "AUT"]
[SourceTitle "CBM 132 Extra"]
[Source "ChessBase"]
[SourceDate "2009.11.03"]
[SourceVersion "1"]
[SourceVersionDate "2009.11.03"]
[SourceQuality "1"]

1. e4 c6 2. d4 d5 3. Nd2 dxe4 4. Nxe4 Bf5 5. Ng3 Bg6 6. h4 h6 7. Nf3 Nd7 8. h5 Bh7 9. Bd3 Bxd3 10. Qxd3 e6 11. Bd2 Ngf6 12. 0-0-0 Qc7 13. Ne4 0-0-0 14. c4 Nc5 15. Nxc5 Bxc5 16. Rh4 Bd6 17. Kb1 Rhe8 18. Bc3 1/2-1/2

[Event "Graz op-B"]
[Site "Graz"]
[Date "2006.09.22"]
[Round "7.8"]
[White "Stolterfoht, Daniel"]
[Black "Grosse, Manfred"]
[Result "1-0"]
[WhiteElo "1859"]
[BlackElo "1890"]
[PlyCount "79"]
[EventDate "2006.09.16"]
[EventType "swiss"]
[EventRounds "9"]
[EventCountry "AUT"]
[SourceTitle "EXT 2022"]
[Source "ChessBase"]
[SourceDate "2021.10.06"]
[SourceVersion "1"]
[SourceVersionDate "2021.10.06"]
[SourceQuality "1"]

1. Nf3 d5 2. g3 Bg4 3. Bg2 c6 4. 0-0 Nd7 5. d3 Ngf6 6. Nbd2 e5 7. e4 dxe4 8. dxe4 Be7 9. h3 Bxf3 10. Qxf3 0-0 11. a4 Qc7 12. Nc4 b5 13. axb5 cxb5 14. Ne3 Nb6 15. Qe2 a6 16. Bd2 Bc5 17. Rfc1 Bxe3 18. Bxe3 Nc4 19. b3 Nxe3 20. Qxe3 Rfc8 21. c4 bxc4 22. Rxc4 Qb7 23. Rac1 Rxc4 24. Rxc4 g6 25. f4 Qe7 26. Qc3 Qa7+ 27. Kh2 Rd8 28. Rc8 Rxc8 29. Qxc8+ Kg7 30. fxe5 Nd7 31. Qe8 Nc5 32. b4 Nd3 33. e6 fxe6 34. Qxe6 Nxb4 35. e5 Qf7 36. Qd6 Qf8 37. Qd7+ Kh6 38. e6 Qf5 39. Qd2+ Kg7 40. e7 1-0

[Event "Graz op-B"]
[Site "Graz"]
[Date "2006.09.17"]
[Round "2.2"]
[White "Knoll, Martin"]
[Black "Stolterfoht, Daniel"]
[Result "1-0"]
[WhiteElo "1991"]
[BlackElo "1859"]
[PlyCount "68"]
[EventDate "2006.09.16"]
[EventType "swiss"]
[EventRounds "9"]
[EventCountry "AUT"]
[SourceTitle "EXT 2022"]
[Source "ChessBase"]
[SourceDate "2021.10.06"]
[SourceVersion "1"]
[SourceVersionDate "2021.10.06"]
[SourceQuality "1"]

1. d4 Nf6 2. c4 c5 3. d5 b5 4. cxb5 a6 5. bxa6 Bxa6 6. Nc3 d6 7. e4 Bxf1 8. Kxf1 g6 9. g4 Bg7 10. h4 Qc8 11. f3 Na6 12. Bg5 Nd7 13. Qd2 h6 14. Bf4 Nb4 15. Nge2 c4 16. Nd4 Nd3 17. Nc6 N7c5 18. Kg2 Nxb2 19. Nb5 Qd7 20. Nbd4 Nbd3 21. Bg3 0-0 22. h5 g5 23. Nf5 e6 24. Nxg7 Kxg7 25. Qc3+ f6 26. Qxc4 Ra4 27. Qc2 exd5 28. exd5 Re8 29. Rhd1 Re3 30. Rxd3 Rxd3 31. Re1 Kf8 32. Qb2 Qf7 33. Qb8+ Kg7 34. Re7 Qxe7 1-0

[Event "Graz op-B 12th"]
[Site "Graz"]
[Date "2005.09.10"]
[Round "8"]
[White "Meglitsch, Konstantin"]
[Black "Stolterfoht, Daniel"]
[Result "0-1"]
[WhiteElo "1739"]
[BlackElo "1854"]
[PlyCount "88"]
[EventDate "2005.09.03"]
[EventType "swiss"]
[EventRounds "9"]
[EventCountry "AUT"]
[SourceTitle "EXT 2024"]
[Source "ChessBase"]
[SourceDate "2023.10.10"]
[SourceVersion "1"]
[SourceVersionDate "2023.10.10"]
[SourceQuality "1"]

1. e4 Nf6 2. e5 Nd5 3. d4 d6 4. c4 Nb6 5. exd6 exd6 6. Bd3 Be7 7. Nc3 Nc6 8. Be3 Bf6 9. Nge2 Bg4 10. Qd2 d5 11. c5 Nc4 12. Bxc4 dxc4 13. Ne4 Be7 14. 0-0 b5 15. Rfd1 0-0 16. f3 Bf5 17. Bf4 Bxe4 18. fxe4 Qd7 19. Kh1 Nd8 20. Bg3 Ne6 21. c6 Qc8 22. Nc3 Rb8 23. Nd5 Bd8 24. Qf2 Qa6 25. Bh4 g5 26. Nf6+ Bxf6 27. Qxf6 gxh4 28. d5 Ng7 29. Rf1 Rbd8 30. e5 Rxd5 31. Rf4 Qc8 32. Qxh4 Qd8 33. Qh6 Rd1+ 34. Rf1 Rxa1 35. Rxa1 Qd5 36. Re1 Rd8 37. h3 Qd2 38. Qh4 h6 39. a3 Qg5 40. Qe4 Qf5 41. Qh4 Qg5 42. Qe4 Ne6 43. h4 Qf4 44. Qc2 Qxh4+ 0-1

[Event "Graz op-B 12th"]
[Site "Graz"]
[Date "2005.09.07"]
[Round "5"]
[White "Stolterfoht, Daniel"]
[Black "Schreiner, Peter"]
[Result "1/2-1/2"]
[WhiteElo "1854"]
[BlackElo "1811"]
[PlyCount "86"]
[EventDate "2005.09.03"]
[EventType "swiss"]
[EventRounds "9"]
[EventCountry "AUT"]
[SourceTitle "EXT 2024"]
[Source "ChessBase"]
[SourceDate "2023.10.10"]
[SourceVersion "1"]
[SourceVersionDate "2023.10.10"]
[SourceQuality "1"]

1. c4 Nf6 2. Nc3 e6 3. e4 d5 4. e5 Nfd7 5. d4 c6 6. Nf3 Be7 7. Be2 dxc4 8. Bxc4 b5 9. Bd3 a6 10. 0-0 Bb7 11. Qc2 h6 12. Be3 Nb6 13. a4 N8d7 14. Nd2 Rc8 15. Nde4 Qc7 16. f4 b4 17. Ne2 Nd5 18. Bf2 c5 19. Rac1 cxd4 20. Qxc7 Rxc7 21. Rxc7 Nxc7 22. Nxd4 0-0 23. Nb3 Rd8 24. Bc2 Nd5 25. g3 Rc8 26. Rc1 N5b6 27. a5 Na4 28. Bd4 Bxe4 29. Bxe4 Rxc1+ 30. Nxc1 Bc5 31. Nb3 Bxd4+ 32. Nxd4 Nxb2 33. Nb3 Kf8 34. Bb7 Nb8 35. Nc5 Nc4 36. Nb3 Ke7 37. Kf2 Kd8 38. Ke2 Kc7 39. Be4 Nc6 40. Bd3 N6xa5 41. Nxa5 Nxa5 42. Bxa6 Nb3 43. Bc4 Nc5 1/2-1/2

[Event "Schwarzach op-B 20th"]
[Site "Schwarzach"]
[Date "2005.08.26"]
[Round "7.8"]
[White "Grob, Hans"]
[Black "Stolterfoht, Daniel"]
[Result "1/2-1/2"]
[WhiteElo "1880"]
[BlackElo "1854"]
[PlyCount "99"]
[EventDate "2005.08.20"]
[EventType "swiss"]
[EventRounds "9"]
[EventCountry "AUT"]
[SourceTitle "EXT 2024"]
[Source "ChessBase"]
[SourceDate "2023.10.10"]
[SourceVersion "1"]
[SourceVersionDate "2023.10.10"]
[SourceQuality "1"]

1. e4 e5 2. Nf3 Nc6 3. Bc4 Bc5 4. 0-0 Nf6 5. d3 d6 6. h3 0-0 7. Re1 h6 8. Nbd2 a6 9. a3 Re8 10. Nf1 Be6 11. Bxe6 Rxe6 12. Ng3 d5 13. exd5 Qxd5 14. Qe2 Nd4 15. Nxd4 exd4 16. Qd1 Rae8 17. Rxe6 Rxe6 18. Bf4 Bd6 19. Bxd6 Qxd6 20. Qf3 c6 21. Kf1 Qc5 22. Rc1 Qg5 23. Rd1 g6 24. Ne2 Nd5 25. Kg1 Qe5 26. Ng3 f5 27. h4 h5 28. Nf1 Nf6 29. Qg3 Qxg3 30. Nxg3 Ng4 31. Kf1 c5 32. Rd2 Kf7 33. Ne2 Kf6 34. c3 Ke5 35. b4 b6 36. c4 f4 37. Rb2 Kf5 38. a4 Ne5 39. bxc5 bxc5 40. Nc1 Kg4 41. a5 Kxh4 42. Rb6 Rc6 43. Nb3 Kg4 44. Nd2 Kf5 45. Nf3 Re6 46. Nxe5 Kxe5 47. Rb8 Kd6 48. Rg8 Ke5 49. Rb8 Rc6 50. Ke2 1/2-1/2

[Event "Schwarzach op-B 20th"]
[Site "Schwarzach"]
[Date "2005.08.25"]
[Round "6.2"]
[White "Stolterfoht, Daniel"]
[Black "Staberhofer, Rainer"]
[Result "0-1"]
[WhiteElo "1854"]
[BlackElo "2187"]
[PlyCount "65"]
[EventDate "2005.08.20"]
[EventType "swiss"]
[EventRounds "9"]
[EventCountry "AUT"]
[SourceTitle "EXT 2024"]
[Source "ChessBase"]
[SourceDate "2023.10.10"]
[SourceVersion "1"]
[SourceVersionDate "2023.10.10"]
[SourceQuality "1"]

1. c4 e6 2. Nc3 Nf6 3. g3 d5 4. Bg2 c6 5. b3 d4 6. Ne4 Nxe4 7. Bxe4 e5 8. Bb2 f5 9. Bg2 Bc5 10. e3 0-0 11. Ne2 dxe3 12. dxe3 Bb4+ 13. Nc3 Qe7 14. 0-0 Be6 15. Qc2 Nd7 16. a3 Ba5 17. Rfd1 Rad8 18. Ne2 Bc7 19. Rd2 Nf6 20. Rad1 Rxd2 21. Rxd2 Rd8 22. Rxd8+ Qxd8 23. Bh3 Ne4 24. Nc3 Qd2 25. Qxd2 Nxd2 26. Nd1 Nxb3 27. e4 Bxc4 28. Ne3 Bd3 29. Bxf5 Nd2 30. Bc8 b6 31. Ng4 Nf3+ 32. Kg2 Bxe4 33. Nf6+ 0-1

[Event "Schwarzach op-B 20th"]
[Site "Schwarzach"]
[Date "2005.08.22"]
[Round "3.3"]
[White "Garrapa, Gianluigi"]
[Black "Stolterfoht, Daniel"]
[Result "1/2-1/2"]
[WhiteElo "1965"]
[BlackElo "1854"]
[PlyCount "53"]
[EventDate "2005.08.20"]
[EventType "swiss"]
[EventRounds "9"]
[EventCountry "AUT"]
[SourceTitle "EXT 2024"]
[Source "ChessBase"]
[SourceDate "2023.10.10"]
[SourceVersion "1"]
[SourceVersionDate "2023.10.10"]
[SourceQuality "1"]

1. e4 e5 2. Nf3 Nc6 3. Bc4 Bc5 4. c3 Nf6 5. d4 exd4 6. cxd4 Bb4+ 7. Bd2 Bxd2+ 8. Nbxd2 d5 9. exd5 Nxd5 10. Qb3 Nce7 11. 0-0 0-0 12. Rfe1 c6 13. a4 Qb6 14. a5 Qxb3 15. Nxb3 Bg4 16. Ne5 Bh5 17. Nc5 b6 18. Ne4 Rad8 19. f3 Nb4 20. axb6 axb6 21. Ra7 Ned5 22. Rc1 f6 23. Nd3 Nxd3 24. Bxd3 Nb4 25. Bc4+ Bf7 26. Ra4 Bxc4 27. Rxb4 1/2-1/2

[Event "Schwarzach op-B 20th"]
[Site "Schwarzach"]
[Date "2005.08.21"]
[Round "2.3"]
[White "Stolterfoht, Daniel"]
[Black "Berger, Kaspar"]
[Result "1-0"]
[WhiteElo "1854"]
[BlackElo "1985"]
[PlyCount "77"]
[EventDate "2005.08.20"]
[EventType "swiss"]
[EventRounds "9"]
[EventCountry "AUT"]
[SourceTitle "EXT 2024"]
[Source "ChessBase"]
[SourceDate "2023.10.10"]
[SourceVersion "1"]
[SourceVersionDate "2023.10.10"]
[SourceQuality "1"]

1. c4 c5 2. Nf3 Nf6 3. d4 cxd4 4. Nxd4 g6 5. Nc3 Bg7 6. e4 d6 7. Be2 0-0 8. 0-0 Bd7 9. Be3 Na6 10. f3 Nc7 11. Qd2 b6 12. Rfc1 Nfe8 13. b4 Ne6 14. Rab1 N8c7 15. Nd5 Rc8 16. Nb3 Qe8 17. c5 bxc5 18. bxc5 dxc5 19. Nxc5 Nxc5 20. Bxc5 Nxd5 21. exd5 Bf5 22. Rb7 Qa4 23. Rc4 Qxc4 24. Bxc4 Rxc5 25. Qb4 Bd4+ 26. Kf1 a5 27. Qb3 Be5 28. Qe3 Bd6 29. Bb3 Rfc8 30. g4 Rc3 31. Qf2 Bd3+ 32. Ke1 Bb4 33. Rxb4 axb4 34. Qb6 Bc4 35. Qxb4 Bxb3 36. axb3 Re3+ 37. Kd2 Re5 38. Qd4 f6 39. f4 1-0